Le bleu dans la culture populaire - Statistiques

Statistiques générales
  • Ce quiz a été pris 45 fois
  • Le résultat moyen est 9 sur 19
Statistiques - réponses
Indices/descriptions Oeuvre à deviner % Correct
Film de James Cameron sorti en 2009, il s'agit du premier volet d'une saga dont le deuxième film est sorti en salles récemment. Film de science-fiction se déroulant dans un futur lointain, dont l'histoire est intégralement fictive et se déroule sur la planète Pandora. Long-métrage dont la musique est composée par James Horner et qui réunit à l'écran les actrices Sigourney Weaver et Michelle Rodriguez notamment. Cette oeuvre devient un succès mondial dès sa sortie, comme en témoigne sa diffusion dans un total de 106 pays. Avatar
82%
Film de Luc Besson avec Jean Reno, sorti en 1988, qui raconte l'histoire d'un français parti en Grèce afin d'y pratiquer l'apnée. Ce film a fait l'ouverture du festival de Cannes l'année de sa sortie et a reçu le César de la meilleure musique et du meilleur son, malgré un échec du côté de la presse. Le sujet du film, l'apnée no limit, une branche de l'apnée sportive, est d'ailleurs controversé. Le grand bleu
79%
Chanson de Christophe sortie en 1974, reprises de nombreuses fois par la suite. Chanson dont le texte écrit par Jean-Michel Jarre, elle aborde le thème de la timidité ainsi que de la difficulté à avouer ses sentiments. Musique composée par Jacques Bevilacqua et produit par Francis Dreyfus, ce tube est l'un des morceaux les plus connus du chanteur. Les mots bleus
79%
Réseau social, crée en 2004 par Mark Zuckerberg alors qu'il était encore étudiant à Harvard. L'application se démarque comme étant le premier réseau social au monde. Son logo est de cette couleur en raison du daltonisme de son créateur, le bleu étant la couleur qu'il distingue le mieux. Grâce à ce réseau social, son créateur est devenu le plus jeune milliardaire de la planète, à seulement 23 ans. Facebook
74%
Tableau du peintre néerlandais Vincent van Gogh réalisé en 1889, qu'on remarque facilement par la présence dominante de la couleur bleue. Cette oeuvre a été créee dans un contexte particulier pour l'artiste, qui se trouve alors dans l'asile du monastère Saint-Paul-de-Mausole d'Arles. Huile sur toile mesurant 74X92 cm, cette peinture est issue du mouvement postimpressionisme et est exposée au Museum of Modern Art de New York. La Nuit étoilée
71%
Personnages de BD imaginés par l'auteur belge Peyo en 1958, et dont l'histoire est racontée une première fois en 16 albums, entre 1959 et 1992. Bande dessinée belge titrée du même nom que ces personnages et dont l'intrigue se déroule en Europe, dans un Moyen-Âge mystifié. les personnages récurents de cette oeuvre sont composées de petits lutins tout bleus, habillés de pantalons blancs, et coiffés de bonnets phrygiens, ainsi que d'un sorcier accompagné d'un chat. Le succès de cette BD est tel qu'elle a été décliné en série animée, films et jeux vidéos. Par ailleurs, le dernier film en date est sorti récemment dans les salles de cinéma. Les Schtroumpfs
68%
Personnage des studios d'animations Pixar, issu du film Le monde de Nemo, sorti en 2003, il s'agit d'un poisson de type Chirurgien Bleu, qui aide un poisson clown à retrouver son fils. Ce personnage est connu dans le film pour être tête en l'air mais très gentille. Les critiques positives vont engendrer la création d'un autre film en images de synthèse sur le fameux personnage. Dory
58%
Album des Aventures de Tintin, paru en 1936 puis 10 ans plus tard dans une version en couleurs, il s'agit de la cinquième aventure du célèbre reporter à houppette. Cette histoire est la continuité de l'album Les cigares du pharaon, où Tintin mène l'enquête sur un réseau de trafiquants d'opium dans la ville de Shanghai. C'est dans ce tome que le personnage de Tchang, adolescent avec qui Tintin se lie d'amitié, est introduit. Ce livre est classé à la 18e place des 100 meilleurs livres du XXe siècle, lors d'un classement effectué au printemps 1999 à l'initiative des magasins Fnac ainsi que du journal Le Monde. Le Lotus bleu
58%
Film des studios d'animation Disney sorti en 2013, utilisant la méthode de la 3D pour la création de ses images, il fut très inspiré d'un conte de l'auteur danois Hans Christian Andersen, qui porte ce même titre, bien que publié en 1844. Projet au départ abandonné, il est finalement remis sur la table en 2011 et devient très rapidement aimé au moment de sa sortie, comme le prouve le plus d'1 milliard d'USD rapportés au box-office mondial (dont 400 millions d'USD rien qu'aux Etats-Unis et au Canada). Le film raconte l'histoire de deux soeurs complices qui se retrouvent subitement séparées à cause de la particularité surnaturelle de l'une d'entre elles. Six ans après la sortie de ce premier film, une suite a été réalisée pour ce long-métrage ayant conquis des millions de personnes. La Reine des Neiges
53%
Personnage de fiction des studios d'animation Pixar, tiré du film Vice-Versa sorti en 2015. Il se caractérise par un chara design tout bleu, à l'exception d'un pull blanc. Le personnage représente une émotion négative (et est d'ailleurs appelée ainsi) et dispose d'un grand temps d'écran dans le premier film. Le personnage est aussi représenté comme ayant des cheveux courts et des lunettes rondes, et est petit de taille. Tristesse
50%
Chanson du trio d'humoriste Les Inconnus sortie en 1990, composée par ledit trio et Alain Granat. Ce chanson parodie le tube de new wave Partenaire Particulier, bien que l'attitude et les tenues sont reprises au groupe Indochine. Le groupe susmentionné reprendra à son tour ce morceau satirique dans une émission de Patrick Sébastien, diffusée le 4 mai 1991. Le clip de la chanson a été réalisé par Massimo Mangarano et mis en scène par Jacques Descombes. Isabelle a les yeux bleus
45%
Film d'André Hunebelle sorti en 1964. Premier volet d'une série de films avec pour acteurs principaux Louis de Funès et Jean Marais, il s'agit d'un film appartenant au genre comédie policière. Avec un total de 4,5 millions de spectateurs à sa sortie dans les salles, il fut l'un des plus gros succès de l'année. Le retentissement du film est tel qu'il est même connu et apprécié en Union Soviétique, le classant 77e dans son box-office. L'histoire raconte le récit d'une mystérieuse chasse à l'homme, dont l'auteur est un cambrioleur qui a tendance à s'en prendre aux riches hommes d'affaires. Fantomas
32%
Album de Nirvana sorti en 1991, il s'agit du deuxième album studio du groupe. Ne bénéficiant pas en premier lieu d'une promotion suffisamment conséquente, ce sera la chanson Smells Like a Teen Spirit, qui le propulsera en tête des ventes, allant jusqu'à 30 millions d'exemplaires vendus. Cet ascension fulgurante fera de cet album l'un des plus vendus au monde. Album dont les musiques ont des influences punk/rock, et qui est facilement reconnaissable par sa pochette sur laquelle on peut voir un bébé dans une piscine essayant d'attraper un billet. Nevermind
24%
Roman de Mélissa Da Costa paru en 2020, cette oeuvre connaît rapidement un franc succès avec quelques 600 000 lecteurs. Livre abordant entre autres les thèmes de l'amitié, de la découverte de soi et de la joie. L'histoire raconte la vie d'un jeune homme de 26 ans qui se voit bouleversée suite à un diagnostic d'Alzheimer précoce. Afin de profiter du peu de temps qu'il lui reste, il décide d'entreprendre un voyage en van, pour lequel il se met en recherche d'un compagnon de route. Ouvrage ayant ensuite été par la suite adapté en téléfilm avec Camille Lou et Hugo Becker, diffusé en 2025. Tout le bleu du ciel
24%
Chanson du groupe italien Eiffel65 sortie en 1999, issue du genre musical eurodance, il s'agit de l'un des morceaux les plus populaires au monde. Tellement populaire qu'il est classé en première position dans les charts en Irlande, au Royaume-Uni, en Suède et dans bien d'autres pays. Au vu de sa grande popularité, cette chanson a pu être entendue dans divers films tels que Iron Man 3 de Shane Black pour le générique d'ouverture ou encore dans Mommy de Xavier Dolan, où le morceau fait partie de la bande originale. Blue (Da Ba Dee)
18%
Film des studios d'animation Dreamworks crée en 2010 par le réalisateur états-unien Tom McGrath. L'histoire suit l'aventure d'une famille d'extraterrestres venant de la galaxie Glaubunkt, venant envoyer leur enfant sur Terre afin de le protéger. Film dont la bande originale a été créée par Hans Zimmer et Lorne Balfe. Comme dans Shrek, de nombreuses références à la culture populaire sont intégrées à plusieurs moments du film, comme par exemple à Ben 10 ou aux comics de Superman. Megamind
18%
Toile du peintre japonais Okusai, publiée en 1830 ou 1831, durant l'époque d'Edo. Estampe mesurant 25,7X37,9 cm réalisée grâce à une gravure sur bois nishiki-e, qui est une mise en couelur des estampes nippones. Oeuvre la plus célèbre de cet artiste, à tel point que plusieurs musées en possèdent des copies, et viennent à les exposer en galerie. C'est le cas par exemple du British Museum ou de la BNF. La grande vague de Kanagawa
13%
Album de Metallica sorti en 1984 vendu à plus de 6 millions d'exemplaires aux Etats-Unis. Deuxième album du groupe qui comporte entre autres les chansons "Fade to Black" et "From whom the bells tolls". Album appartenant au genre trash metal, il a été crédité disque de platine 7 fois au total. Album dont la pochette est reconnaissable par le fait qu'elle soit en grande partie bleue, où on peut également voir un éclair représenté. Ride the Lightning
8%
Chanson du groupe Electric Light Orchestra sorti en 1978 et issue de l'album Out of the Blue, il s'agit du titre le plus connu du groupe. Morceau des genre rock et art rock, il atteint la 6e place au Royaume-Uni et la 36e aux Etats-Unis. Ecrit en Suisse par le leader du groupe, Jeff Lynne, un jour de soleil après 2 semaines de pluie, ce morceau sera accompagné de suffisamment de chansons pour en faire un double album. Mr. Blue Sky
5%
Aucun quiz correspondant
Distribution des résultats
% des personnes avec chaque résultat
Percentile par nombre de réponses
Votre historique - résultats
Vous n’avez pas pris ce quiz